000 00700nam a2200289Ia 4500
005 20260324141357.0
008 008 260324s9999 xx 000 0 eng d
020 _a9781315022383
037 _aEBOOK
040 _aCRL
040 _beng
040 _cCRL
041 _2eng
041 _aeng
084 _qCRL
100 _aLewis Gordon; Joy James
_91207964
245 0 _aTranscending the Talented Tenth
245 0 _bBlack Leaders and American Intellectuals
260 _bTaylor and Francis
260 _c1997
365 _a
365 _b210
856 _uhttp://www.taylorfrancis.com/books/9781315022383
942 _cEBOOK
999 _c1810993
_d1810993